Datum a čas kvízu
28
Celkem bodů
Celkový počet nahraných bodů na tomto kvízu bez doplňovacích otázek.
5.
Pořadí na kvízu
Konečné umístění týmu na tomto kvízu.
Zaznamenané odpovědi
| # | Otázka | Odpověď | Body | Výsledky |
|---|---|---|---|---|
| 1. | Ekonomka a bývalá rektorka brn... | Danuše Nerudová | 1 | |
| 2. | Do Venezuely dorazila bílá lví... | z Hodonína | 0 | |
| 3. | V neděli došlo v pařížském Lou... | dort | 1 | |
| 4. | Dvě velké banky se v České rep... | Komerční banka, Moneta | 0.5 | |
| 5. | Jak se jmenuje nový trenér prv... | Brian Priske | 1 | |
| 6. | V dalším díle této tematické s... | C | 1 | |
| 7. | Merlík čilský je rostlina z če... | quinoa | 0 | |
| 8. | Tento jihoamerický dravý pták... | kondor | 1 | |
| 9. | Tato velká šelma je svým výsky... | jaguár | 0 | |
| 10. | Broméliovité je čeleď rostlin... | A | 0 |